01230 a2200229 4500003000500000005001700005010001700022020001500039040000900054082001200063100002700075245014100102250001400243260005200257300004900309505039200358650001400750700003100764700002200795856009100817856009200908NUST20221117124621.0 a 2003051005 a007242432X cNust00a515,HOF1 aHoffmann, Laurence D.,10aCalculus :b for business, economics, and the social and life sciences/cLaurence D. Hoffmann, Gerald L. Bradley, with Kenneth H. Rosen. a8th ed. / aBoston :bMcGraw Hill Higher Education,cc2004. axxviii, 728 p. :bill. (some col.) ;c26 cm. aFunction, Graphs, and Limits (Page-1), Differentiation : Basic Concept (Page-96), additional Application of the Derivative (Page-184), Exponential and Logarithmic Function (Page-282), Integration (Page-356), Additional Topic in Integration (Page-450), Calculus of Several Variable (Page-526), Algebra Review (Page-612), Powers of e (Page-639), The Nature Logarithm (Base e ) (Page-640).  0aCalculus.1 aBradley, Gerald L.,d1940-1 aRosen, Kenneth H.423Publisher descriptionuhttp://www.loc.gov/catdir/enhancements/fy0702/2003051005-d.html423Table of contents onlyuhttp://www.loc.gov/catdir/enhancements/fy0702/2003051005-t.html